Zmeny zákona o dani z príjmov vykonané zákonom č. 177/2004 Z.z. o európskom zoskupení hospodárskych záujmov

Novela obsahuje 14 bodov, v ktorých sa vykonali zmeny a doplnenia hlavne z dôvodu spresnenia niektorých ustanovení zákona o dani z príjmov. Komentár k jednotlivým bodom. Zákon nadobúda účinnosť dňom 1. 5. 2004.

Salvato in:
Dettagli Bibliografici
Autore principale: Lesková, Kristína
Altri autori: Palkovský, Ján
Natura: Capitolo di libro
Lingua:slovacco
Soggetti:
Tags: Aggiungi Tag
Nessun Tag, puoi essere il primo ad aggiungerne!!

MARC

LEADER 00000naa$a2200000$$$4500
001 0011772
005 20231106070137.5
041 0 |a slo 
044 |a SK 
245 1 0 |a Zmeny zákona o dani z príjmov vykonané zákonom č. 177/2004 Z.z. o európskom zoskupení hospodárskych záujmov  |c aut. Kristína Lesková, Ján Palkovský 
520 |a Novela obsahuje 14 bodov, v ktorých sa vykonali zmeny a doplnenia hlavne z dôvodu spresnenia niektorých ustanovení zákona o dani z príjmov. Komentár k jednotlivým bodom. Zákon nadobúda účinnosť dňom 1. 5. 2004. 
610 2 0 |a dane z príjmov 
610 2 0 |a zákony 
610 2 0 |a novelizácia 
610 2 0 |a Slovensko 
610 2 0 |a 2004 
100 1 |a Lesková, Kristína 
700 1 |a Palkovský, Ján